000
00330nam a22001577a 4500
005
20150930161840.0
008
150930b xxu||||| |||| 00| 0 eng d
020
_a
978813180814
041
_a
eng
082
_a
621
_b
1
100
_a
Bansal R K
_9
43
245
_a
Strength Of Materials
250
_a
5
260
_b
Laxhmi
942
_c
BK
999
_c
1
_d
1